000
00320nam a22001457a 4500
020
_a
818981406-0
082
_a
823
_b
MEL/B
100
_a
MELDON BOOKS
245
_a
BAPTIZATION OF JESUS
_b
AND OTHER STORIES
260
_b
MELDON BOOKS
300
_a
16
520
_a
BIBLE STORIES
650
_a
BIBLE STORIES
942
_c
BK
999
_c
5624
_d
5624